The belousov-Zhabotinskii reaction
Shranjeno v:
| Glavni avtor: | |
|---|---|
| Format: | Knjiga |
| Jezik: | angleščina |
| Izdano: |
Berlín
Springer-Verlag
1976
|
| Serija: | Lecture Notes in Biomathematics, 10
|
| Teme: | |
| Oznake: |
Označite
Brez oznak, prvi označite!
|
MARC
| LEADER | 00000nam a2200000 a 4500 | ||
|---|---|---|---|
| 001 | UCS0897 | ||
| 003 | CL-VaPUC | ||
| 008 | 970428e19760000GW |||||||||||||||||eng|d | ||
| 082 | 0 | 4 | |a 570.15195 |b TYS |2 21 |
| 100 | 0 | |a Tyson, John J |e author |9 384800 | |
| 245 | 1 | 4 | |a The belousov-Zhabotinskii reaction |
| 300 | |a 128 p | ||
| 942 | |c BK | ||
| 945 | |d 19970428 00:00:00 |a rleighto | ||
| 260 | |a Berlín |b Springer-Verlag |c 1976 | ||
| 650 | 7 | |a BIOMATEMATICAS |2 CL-VaPUC |9 260148 | |
| 650 | 0 | |a Ecuaciones diferenciales |9 260083 | |
| 650 | 7 | |a QUIMICA CINETICA |2 CL-VaPUC |9 384801 | |
| 650 | 0 | |a Ondas |9 260165 | |
| 650 | 0 | |a Velocidad |9 311814 | |
| 650 | 0 | |a Propagación de ondas |9 263256 | |
| 583 | |a last modification |c 19970428 00:00:00 |k Rodrigo Vera | ||
| 490 | 0 | |a Lecture Notes in Biomathematics, 10 | |
| 999 | |c 259035 |d 259033 | ||